000 00742nam a22002297a 4500
999 _c15708
_d15708
003 AR-CdUCM
008 190401b ||||| |||| 00| 0 spa d
040 _aMUNICIPALIDAD PROVINCIAL DEL CUSCO
_cBIBLIOTECA MUNICIPAL DEL CUSCO
082 _a895.402/
_bT14 / 1947
100 _aTagore, Rabindranath
_917778
245 _aCiclo de la primavera :
_bComedia /
260 _aBuenos Aires :
_bLosada,
_c1947.
300 _a105 páginas ;
_c18 cm.
440 _aBiblioteca Contemporánea.
_927761
505 _aContenido: Comedia.
650 _aLiteratura India
_911141
650 _aSiglo XX
_98
650 _aComedia
_92607
700 _aCamprubí de Jiménez, Zenobia (traducción)
_927762
942 _2ddc
_cLIBROS
945 _arah
_d29/04/2019